[Event "NED-ch U13"]
[Site "Rijswijk"]
[Date "2005.05.06"]
[Round "4"]
[White "Pieper, Roy"]
[Black "Wisse, Pieter"]
[Result "1-0"]
[WhiteElo "1316"]
[BlackElo "1268"]
[PlyCount "107"]
[EventDate "2005.05.05"]
[EventType "swiss"]
[EventRounds "9"]
[EventCountry "NED"]
[SourceTitle "EXT 2013"]
[Source "ChessBase"]
[SourceDate "2012.11.22"]
[SourceVersion "1"]
[SourceVersionDate "2012.11.22"]
[SourceQuality "1"]

1. e4 e5 2. d4 d6 3. dxe5 dxe5 4. Qxd8+ Kxd8 5. Nf3 Nc6 6. Nc3 Nf6 7. Bg5 Be7 8. 0-0-0+ Bd7 9. Bb5 Ke8 10. Bxc6 Bxc6 11. Nxe5 Nxe4 12. Bxe7 Kxe7 13. Nxc6+ bxc6 14. Nxe4 f5 15. Ng3 g6 16. Rhe1+ Kf8 17. Rd7 f4 18. Nf1 Re8 19. Rxe8+ Kxe8 20. Rxc7 Rf8 21. Rxa7 Rf5 22. Ra8+ Kd7 23. Nd2 Re5 24. b3 Ke6 25. Re8+ Kf6 26. Rxe5 Kxe5 27. a4 Kd6 28. b4 Kc7 29. Nc4 Kb7 30. Nd6+ Kb6 31. Ne4 Ka6 32. Kb2 Kb6 33. Kc3 Kc7 34. Kc4 Kb6 35. f3 h6 36. Nf6 h5 37. Ng8 h4 38. Ne7 g5 39. Kd4 Kc7 40. Kc5 Kb7 41. Nxc6 Ka6 42. b5+ Kb7 43. b6 Kc8 44. a5 Kb7 45. Nd8+ Kb8 46. b7 g4 47. fxg4 h3 48. a6 hxg2 49. Nc6+ Kc7 50. b8Q+ Kd7 51. Qb1 f3 52. Ne5+ Ke6 53. Nxf3 Kf6 54. Qg1 1-0

[Event "NED-ch U13"]
[Site "Rijswijk"]
[Date "2005.05.06"]
[Round "5"]
[White "Wisse, Pieter"]
[Black "Cohen, David1111"]
[Result "0-1"]
[WhiteElo "1268"]
[BlackElo "1432"]
[PlyCount "24"]
[EventDate "2005.05.05"]
[EventType "swiss"]
[EventRounds "9"]
[EventCountry "NED"]
[SourceTitle "EXT 2013"]
[Source "ChessBase"]
[SourceDate "2012.11.22"]
[SourceVersion "1"]
[SourceVersionDate "2012.11.22"]
[SourceQuality "1"]

1. Nf3 d5 2. d4 Nc6 3. Bf4 Nf6 4. Nc3 Bg4 5. Qd2 e6 6. 0-0-0 Bb4 7. e3 Ne4 8. Qe2 Bxc3 9. Qb5 Qd7 10. Qxb7 Rb8 11. Qxc7 Bxb2+ 12. Kb1 Nc3# 0-1

[Event "NED-ch U13"]
[Site "Rijswijk"]
[Date "2005.05.05"]
[Round "2"]
[White "Nap, Rowan"]
[Black "Wisse, Pieter"]
[Result "1/2-1/2"]
[WhiteElo "1601"]
[BlackElo "1268"]
[PlyCount "100"]
[EventDate "2005.05.05"]
[EventType "swiss"]
[EventRounds "9"]
[EventCountry "NED"]
[SourceTitle "EXT 2013"]
[Source "ChessBase"]
[SourceDate "2012.11.22"]
[SourceVersion "1"]
[SourceVersionDate "2012.11.22"]
[SourceQuality "1"]

1. d4 d5 2. Nf3 Nf6 3. c4 Be6 4. Nc3 Nc6 5. Bg5 h6 6. Bf4 Qd7 7. e3 0-0-0 8. c5 Ne4 9. Bb5 a6 10. Ne5 Qe8 11. Bxc6 bxc6 12. Qd3 Kb7 13. Rc1 Bf5 14. Qe2 Ra8 15. Nxe4 Bxe4 16. f3 f6 17. Nd3 Bxd3 18. Qxd3 Kc8 19. Rc3 e5 20. dxe5 fxe5 21. Qf5+ Qd7 22. Qxd7+ Kxd7 23. Bxe5 Rb8 24. Rc2 Rb5 25. Bd4 Rg8 26. 0-0 g5 27. e4 Bg7 28. Bxg7 Rxg7 29. Rd1 Ke6 30. exd5+ cxd5 31. Re2+ Kd7 32. Rxd5+ Kc6 33. Rde5 Rxc5 34. Re6+ Kb7 35. Rxh6 Rd7 36. h3 Ra5 37. a3 c5 38. Rhe6 c4 39. Re7 Rxe7 40. Rxe7+ Kc6 41. Re3 Kd5 42. Kf2 Kd4 43. Rc3 Rb5 44. Rc2 Kd3 45. Re2 a5 46. Ke1 a4 47. Kd1 c3 48. b4 Rb8 49. Re4 Rg8 50. Kc1 c2 1/2-1/2